History Quiz

Random History or Politics Quiz

Female Cabinet Secretaries (US) Quiz Stats

 Plays Quiz Updated Mar 23, 2020

Support Sporcle.
Go Orange.
Score 0/40 Timer 10:00
0 Plays Today
Position Secretary % Correct
Secretary of StateHillary Rodham Clinton
95.7%
Secretary of StateCondoleezza Rice
90.8%
Secretary of StateMadeleine Albright
77.3%
Attorney GeneralJanet Reno
73.9%
Secretary of the TreasuryJanet Yellen
68.2%
Secretary of EducationBetsy DeVos
58.8%
Secretary of TransportationElaine Chao
50.2%
Secretary of the InteriorDeb Haaland
47.8%
Secretary of Homeland SecurityJanet Napolitano
47.2%
Attorney GeneralLoretta Lynch
44.9%
Secretary of Housing and Urban DevelopmentMarcia Fudge
42.2%
Secretary of EnergyJennifer Granholm
34.1%
Secretary of CommerceGina Raimondo
33.6%
Secretary of Health and Human ServicesKathleen Sebelius
31.9%
Secretary of Homeland SecurityKirstjen Nielsen
31.8%
Secretary of LaborElizabeth Dole
31.6%
Secretary of TransportationElizabeth Dole
31.6%
Secretary of LaborElaine Chao
30.3%
Secretary of LaborFrances Perkins
24.7%
Secretary of LaborHilda Solis
21.4%
Position Secretary % Correct
Secretary of Health and Human ServicesDonna Shalala
20.6%
Secretary of the InteriorSally Jewell
19.6%
Secretary of CommercePenny Pritzker
19.5%
Secretary of EducationMargaret Spellings
17%
Secretary of the InteriorGale Norton
16.7%
Secretary of Health and Human ServicesSylvia Mathews Burwell
16.5%
Secretary of Health and Human ServicesPatricia Roberts Harris
10.9%
Secretary of Housing and Urban DevelopmentPatricia Roberts Harris
10.9%
Secretary of AgricultureAnn Veneman
10.2%
Secretary of Housing and Urban DevelopmentCarla Anderson Hills
8.6%
Secretary of LaborLynn Morley Martin
7.9%
Secretary of TransportationMary Peters
7.6%
Secretary of EnergyHazel O'Leary
6.9%
Secretary of Health and Human ServicesMargaret Heckler
6.8%
Secretary of Health and Human ServicesOveta Culp Hobby
6.6%
Secretary of LaborAlexis Herman
6.5%
Secretary of CommerceJuanita Kreps
6.5%
Secretary of CommerceBarbara Franklin
6%
Secretary of LaborAnn Dore McLaughlin
4.9%
Secretary of EducationShirley Hufstedler
4.7%

From the Vault

Almost Equatorial Capitals

by nsd354

These capitals are always in the middle of the pack.
Remove Ads.
Support Sporcle.
Get the best of Sporcle when you Go Orange. This ad-free experience offers more features, more stats, and more fun while also helping to support Sporcle. Thank you for becoming a member.

Show Comments

Extras

Top Quizzes Today


Score Distribution

Your Account Isn't Verified!

In order to create a playlist on Sporcle, you need to verify the email address you used during registration. Go to your Sporcle Settings to finish the process.

Report this User

Report this user for behavior that violates our Community Guidelines.

Details: